|
|
|
|
| LEADER |
00787pam a22002418a 4500 |
| 001 |
00023835 |
| 005 |
20171026081022.0 |
| 008 |
110630s2006 ||||||engsd |
| 020 |
# |
# |
|a 0324323395
|
| 041 |
0 |
# |
|a eng
|
| 082 |
1 |
4 |
|a 658.02
|b SM100L
|
| 245 |
0 |
0 |
|c Justin G. Longenecker [et al.]
|a Small business management
|b an entrepreneurial emphasis
|
| 250 |
# |
# |
|a International ed.
|
| 260 |
# |
# |
|a Mason, OH
|b Thomson South-Western
|c 2006
|
| 300 |
# |
# |
|a xxi,530 p.
|b ill.
|c 28 cm.
|
| 490 |
# |
# |
|a International student ed.
|
| 650 |
# |
4 |
|a Kinh doanh nhỏ
|
| 650 |
# |
4 |
|a Quản lý
|
| 700 |
1 |
# |
|a Longenecker, Justin G.
|
| 852 |
# |
# |
|b Kho đọc
|j KD.0008038
|
| 852 |
# |
# |
|j KD.0008038
|
| 910 |
0 |
# |
|a Ntuyet
|d 30/06/2011
|
| 980 |
# |
# |
|a Trung tâm Học liệu Lê Vũ Hùng, Trường Đại học Đồng Tháp
|